000 00604nam a2200181Ia 4500
003 GCL
008 140319s9999 xx 000 0 ara d
040 _aGCL /
_cGCL
082 0 4 _a812.9
_bع ا
100 1 _aعبدالرحمن الشرقاوى
245 1 0 _aالحسين ثائرا مسرحية شعرية فى 13 منظرا /
_cعبدالرحمن الشرقاوى
260 _a[S.N] :
_bالهيئة المصرية العامة للكتاب ،
_c1988
300 _aمتعدد
490 _a
650 0 4 _aالمسرحية العربية
650 0 4 _aالشعر المسرحى
942 _2ddc
_cBK
999 _c30589
_d30589